000 00797nam a22002177a 4500
999 _c21074
_d21074
003 AR-CdUCM
008 190417b ||||| |||| 00| 0 spa d
040 _aMUNICIPALIDAD PROVINCIAL DEL CUSCO
_cBIBLIOTECA MUNICIPAL DEL CUSCO
082 _aC / 625.7 /
_bP66
110 _aMunicipalidad Provincial del Cusco
_943927
245 _aPavimentación Avenida de la cultura :
_bPrimera Etapa ( Puente Cachimayo- Santa Rosa) /
260 _aCusco :
_c1993.
300 _a46 paginas ;
_bFotografías
_c25 cm.
440 _aColección fotográfica del proceso constructivo
_943928
505 _aContenido : Fotografías de la reconstrucción del cusco.
650 _aFotografías
_943929
650 _aCusco
_9772
650 _aReconstrucción
_95638
942 _2ddc
_cLIBROS
945 _arcc
_d2019-04-17